| 000 | 00723cab a22002295a 4500 | ||
|---|---|---|---|
| 001 | L157440 | ||
| 008 | 121130e20121103xxk 000 0 eng d | ||
| 035 | _a(Sirsi) u157440 | ||
| 041 | 0 | _aeng | |
| 100 | 1 | _aSimmons, Mark | |
| 245 | 0 | 0 |
_aFocus _bWest Midlands |
| 260 | _c2012 | ||
| 490 |
_aEstates Gazette _v(1244) 3 November 2012, 61-85(17) |
||
| 520 | _aIncludes discussion of regeneration projects in Coventry, Wolverhampton's 20 year regeneration plan, the out of town office market and an analysis of the car industry. | ||
| 590 | _aKA | ||
| 651 | 4 | _aWest Midlands | |
| 690 |
_aCommercial property _96227 |
||
| 700 | 1 | _aPilkington, Lisa | |
| 700 | 1 | _aMorrison, Adrian | |
| 700 | 1 | _aThame, David | |
| 942 | _n0 | ||
| 999 |
_c84384 _d84384 |
||